000 00528nam a22001937a 4500
003 MPLRDC
005 20220104203427.0
008 210129b ||||| |||| 00| 0 eng d
020 _a978-986-5623-37-1
082 _a875.57 RAT
100 _a汉斯·莱斯 HANS RATH
245 _a有时候,魔鬼是人之常情
_c张淑惠 译
250 _a初版一刷
260 _a台湾
_b橡实文化
_c2016
300 _b
520 _a新书上架 2018-09-01。
650 _a德国文学--小说
942 _cBK
_o875.57 RAT
999 _c68122
_d68112